City to Country - Tile Select #1 - Statistics

General Stats
  • This quiz has been taken 37,048 times
  • The average score is 48 of 60
Answer Stats
Question Tile Select % Correct
Brazil Rio de Janeiro Yes
98%
Mexico Panama City No
96%
Brazil São Paulo Yes
96%
France Yaoundé No
96%
France Zaragoza No
96%
India Chongqing No
95%
France Palermo No
95%
France Paris Yes
95%
Brazil Buenos Aires No
94%
India Colombo No
94%
India Mumbai Yes
94%
Russia Ulaanbaatar No
94%
Mexico Bilbao No
93%
France Bordeaux Yes
93%
France Geneva No
93%
Brazil La Paz No
93%
France Lyon Yes
93%
Russia Sapporo No
93%
France Ghent No
92%
Mexico San Diego No
92%
Russia Tbilisi No
92%
France Monaco No
91%
Mexico Malabo No
90%
Russia Vladivostok Yes
90%
Russia Almaty No
89%
India Thimphu No
89%
Mexico Tucson No
89%
Russia Urumqi No
89%
France Toulouse Yes
88%
Brazil Córdoba No
87%
Mexico Tijuana Yes
86%
Brazil Cochabamba No
84%
Mexico Guadalajara Yes
84%
India Kolkata Yes
84%
Russia Novosibirsk Yes
84%
India Lhasa No
83%
France Lille Yes
82%
India Karachi No
80%
India Jaipur Yes
79%
Brazil Valparaíso No
79%
Russia Nizhny Novgorod Yes
78%
Russia Sochi Yes
76%
Mexico Acapulco Yes
75%
India Chittagong No
74%
Mexico El Paso No
71%
Mexico Tegucigalpa No
71%
Russia Donetsk No
70%
India Agra Yes
65%
Russia Kharkiv No
65%
Mexico Monterrey Yes
65%
Mexico Cabo San Lucas Yes
63%
Brazil Recife Yes
62%
Brazil Manaus Yes
60%
Brazil Belém Yes
52%
India Ahmedabad Yes
51%
Brazil Curitiba Yes
45%
India Patna Yes
45%
France Ajaccio Yes
41%
Brazil Salvador Yes
41%
Russia Ufa Yes
40%
No matching quizzes found
Score Distribution
Percent of People with Each Score
Percentile by Number Answered
Your Score History
You have not taken this quiz